|
|
|
|
| LEADER |
01446nam a2200301 a 4500 |
| 001 |
1576178 |
| 003 |
BD-DhAAL |
| 005 |
20231018143124.0 |
| 008 |
090916s1991 ph ab b i100 0 eng d |
| 010 |
|
|
|a 92940884
|
| 020 |
|
|
|a 9715610048
|
| 040 |
|
|
|a DLC
|c DLC
|d BD-DhAAL
|
| 082 |
0 |
0 |
|a 363.348
|2 20
|
| 245 |
0 |
0 |
|a Disaster mitigation in Asia and the Pacific /
|c Asian Development Bank.
|
| 260 |
|
|
|a Manila, Philippines :
|b Asian Development Bank,
|c 1991
|
| 300 |
|
|
|a xiv, 392 pages :
|b illustrations, maps ;
|c 24 cm.
|
| 504 |
|
|
|a Includes bibliographical references.
|
| 541 |
1 |
|
|a Complimentary copy from BIED
|e 00014742, 37704
|
| 650 |
|
0 |
|a Disasters
|x Economic aspects
|z Asia
|x Congresses.
|9 45740
|
| 650 |
|
0 |
|a Disasters
|x Economic aspects
|z Pacific Area
|x Congresses.
|9 45741
|
| 650 |
|
0 |
|a Emergency management
|z Asia
|x Congresses.
|9 45742
|
| 650 |
|
0 |
|a Emergency management
|z Pacific Area
|x Congresses.
|9 45743
|
| 710 |
2 |
|
|a Asian Development Bank.
|9 45744
|
| 852 |
4 |
|
|a Ayesha Abed Library
|j General Shelf.
|
| 942 |
|
|
|2 ddc
|c BK
|
| 999 |
|
|
|c 4159
|d 4159
|
| 952 |
|
|
|0 0
|1 0
|2 ddc
|4 0
|6 363_348000000000000_DIS_1991
|7 0
|9 3826
|a BRACUL
|b BRACUL
|c GEN
|d 2009-10-03
|g 1200.00
|l 1
|m 1
|o 363.348 DIS
|p 3010014742
|r 2015-04-09
|s 2014-12-02
|t 1
|w 2009-10-03
|y BK
|
| 952 |
|
|
|0 0
|1 0
|2 ddc
|4 0
|6 363_348000000000000_DIS
|7 0
|9 69781
|a BRACUL
|b BRACUL
|c GEN
|d 2022-02-14
|e Complimentary copy from BIED
|l 0
|o 363.348 DIS
|p 3010037704
|r 2022-02-14
|t 2
|w 2022-02-14
|y BK
|x Transferred from BIED to General Stacks
|